Biggest Cities in Massachusetts - Statistics

General Stats
  • This quiz has been taken 30,410 times
    10,087 since last reset
  • The average score is 8 of 20
Answers on the Map
Answers color-coded by a green-red scale on the quiz's map according to % correct below.
 
Answer Stats
Population City % Correct
653,833 Boston
100%
207,621 Worcester
70%
153,672 Springfield
68%
118,214 Cambridge
67%
114,296 Lowell
51%
101,597 Quincy
47%
100,695 New Bedford
40%
93,840 Fall River
39%
101,241 Lynn
38%
88,415 Newton
35%
104,890 Brockton
33%
71,875 Framingham
32%
80,407 Somerville
31%
88,172 Lawrence
29%
64,477 Waltham
27%
67,415 Haverhill
25%
58,744 Medford
24%
60,412 Taunton
24%
65,133 Malden
23%
59,114 Weymouth
18%
No matching quizzes found
Score Distribution
Percent of People with Each Score
Percentile by Number Answered
Your Score History
You have not taken this quiz since the last reset